00971nam a22002415i 450000100090000000300040000900500170001300800410003001000170007102000310008804000230011904200080014208200180015010000260016824500700019426300090026426400420027330000150031533600260033033700280035633800270038452003180041121847667OSt20250609155427.0201218s2021 cau 000 0 eng  a 2020952411 a9780143463580q(paperback) aDLCbengerdacDLC apcc a658.45bSET/I1 aSethi, Deepaeauthor.10aImpactful communication :bcommunicate to conquer /cDeepa Sethi. a2102 1aIndia :bPenguin Random House,c2021. a244 pages  atextbtxt2rdacontent aunmediatedbn2rdamedia avolumebnc2rdacarrier a"In today's fast-paced world of artificial intelligence and social media, Impactful Communication is your mantra to success. The book empowers you with tools to effectively deal with the conventional and nonconventional aspects of verbal and nonverbal communication in varied situations"--cProvided by publisher.